Neal Morse Songs Using Any Words - Statistics

General Stats
  • This quiz has been taken 61 times
    3 since last reset
  • The average score is 161 of 198
Answer Stats
Answer % Correct
12
100%
Alive Again
100%
All the Rage
100%
A Love That Never Dies
100%
A Million Miles Away
100%
A Momentary Change
100%
Another Story to Tell
100%
Another World
100%
Author of Confusion
100%
Back to the City
100%
Bird on a Wire
100%
Break of Day
100%
Breath of Angels
100%
Bridge over Troubled Water
100%
Broken Sky/Long Day (Reprise)
100%
Building a Wall
100%
Burns Like a Wheel
100%
California Nights
100%
Chance of a Lifetime
100%
Child of Wonder
100%
Children of the Chosen
100%
City of Destruction
100%
Colder in the Sun
100%
Cradle to the Grave
100%
Crossing Over/Mercy Street (Reprise)
100%
Dawning of a New Day (God Uses Everything for Good)
100%
Do It All Again
100%
Dreamer in the Jailhouse
100%
Eternity in Your Eyes
100%
Ever Interceding
100%
Father of Forgiveness
100%
Fighting with Destiny
100%
Fly High
100%
Freedom Road
100%
Freedom Song
100%
God's Love
100%
God's Theme 2
100%
Heaven in Charge of Hell (Eat 'em and Smile)
100%
Heaven in my Heart
100%
Help Me/The Spirit and the Flesh
100%
Hey Ho Let's Go
100%
I Am WIlling
100%
I Got to Run
100%
I Hate My Brothers
100%
Inside His Presence
100%
In the Fire
100%
In the Middle
100%
In the Name of the Lord
100%
It's All I Can Do
100%
It's for You
100%
I Will Wait on the Lord
100%
Jesus' Blood
100%
Jesus Bring Me Home
100%
King Jesus
100%
Lifeline
100%
Like a Wall
100%
Long Ago
100%
Long Day
100%
Long Story
100%
Make Like a Breeze
100%
March of the Pharisees
100%
Momentum
100%
Moving in my Heart
100%
My Dream
100%
New Jerusalem (Freedom is Coming)
100%
No Hill for a Climber
100%
Not Afraid Pt. 1
100%
Not Afraid Pt. 2
100%
Nothing to Believe
100%
Now I Can See/The Great Commission
100%
Oh Lord My God
100%
Oh, to Feel Him
100%
Out of Sight, Out of Mind
100%
Outside Looking In
100%
Overture 2
100%
Overture No. 1
100%
Overture No. 2
100%
Overture No. 3
100%
Overture No. 4
100%
Power in the Air
100%
Prologue/Before the World Was
100%
Ready to Try
100%
Restoration
100%
Road Dog Blues
100%
Seeds of Gold
100%
Shortcut to Salvation
100%
Sing it High
100%
Slave to Your Mind
100%
Sleeping Jesus
100%
Smoke and Mirrors
100%
So Far Gone
100%
Sola Intermezzo
100%
Solid as the Sun
100%
So Many Roads
100%
Somber Days
100%
The Brothers Repent/Joseph Revealed
100%
The Dream
100%
The Dream Continues
100%
The Dreamer Overture
100%
The Dreamer Overture (Reprise)
100%
The Dream Isn't Over
100%
The Element of Fear
100%
The Glory of the Lord
100%
The Grand Experiment
100%
The Land of Beginning Again
100%
The Light on the Road to Damascus
100%
The Man in the Iron Cage
100%
The Prince of the Power of the Air
100%
The Road Called Home
100%
The Separated Man
100%
The Temple of the Living God
100%
The Truth Will Set You Free
100%
The Way Home
100%
The Way it Had to Be
100%
The Ways of a Fool
100%
Thoughts (Part 5)
100%
Time Changer
100%
Time Has Come Today
100%
To the River
100%
Venture in Black
100%
Wait on You
100%
Wasted Life
100%
We Have Got to Go
100%
Welcome to the World
100%
Welcome to the World 2
100%
Why Have You Forsaken Me?
100%
World Without End
100%
Your Place in the Sun
100%
Agenda
50%
All Hail
50%
Ballyhoo (The Chosen Ones)
50%
Beyond the Borders
50%
Beyond the Years
50%
Confrontation
50%
Cosmic Mess
50%
Doomsday Destiny
50%
Draw the Line
50%
Emergence
50%
Entrance
50%
Freak
50%
Freedom Calling
50%
God's Theme
50%
Gold Dust City
50%
Guilty as Charged
50%
I'm Running
50%
Interlude
50%
Jayda
50%
Leviathan
50%
Liar, Liar
50%
MacArthur Park
50%
Makes No Sense
50%
Mercy Street
50%
Never Change
50%
Overrture
50%
Overture
50%
Overture (Reprise)
50%
Preface
50%
Rejoice
50%
Reunion
50%
Seemingly Sincere
50%
Slave Boy
50%
Sloth
50%
Supernatural
50%
Sweet Elation
50%
The Argument
50%
The Battle
50%
The Call
50%
The Conclusion
50%
The Conflict
50%
The Creation
50%
The Door
50%
The Great Adventure
50%
The Great Despair
50%
The Man's Gone
50%
The Mask
50%
The Outsider
50%
The Pit
50%
The Promise
50%
The Slough
50%
The Storm Before the Calm
50%
Thief
50%
Transformation
50%
Ultraviolet Dreams
50%
Vanity Fair
50%
Warmer Than the Sunshine
50%
Waterfall
50%
Weathering Sky
50%
Absolute Beginner
0%
Bring Ben
0%
Dark Melody
0%
Everlasting
0%
Nighttime Collectors
0%
Overflow
0%
Reckoning
0%
No matching quizzes found
Score Distribution
Percent of People with Each Score
Percentile by Number Answered
Your Score History
You have not taken this quiz since the last reset